000
00312nam a22001337a 4500
008
171009b xxu||||| |||| 00| 0 eng d
020
_a
9788131512395
041
_a
eng
080
_a
159.9
100
_a
49
101
_a
PSI
245
_a
PSYCHOLGICAL TESTING AND ASSESMENT
_c
KAPLAN.R.M
942
_2
udc
_c
BK
999
_c
32574
_d
32574